[Event "Trapani Province-ch"]
[Site "Erice"]
[Date "2011.02.12"]
[Round "2"]
[White "Castelli, Giovanni J"]
[Black "Pandolfo, Sergio"]
[Result "1-0"]
[WhiteElo "1821"]
[BlackElo "1664"]
[PlyCount "111"]
[EventDate "2011.02.12"]
[EventType "swiss"]
[EventRounds "6"]
[EventCountry "ITA"]
[SourceTitle "EXT 2024"]
[Source "ChessBase"]
[SourceDate "2023.10.10"]
[SourceVersion "1"]
[SourceVersionDate "2023.10.10"]
[SourceQuality "1"]

1. e4 c5 2. Nf3 d6 3. d4 cxd4 4. Qxd4 a6 5. c4 Nc6 6. Qd2 g6 7. Nc3 Bg7 8. b3 Nf6 9. Bb2 0-0 10. Rc1 Qa5 11. Be2 Nxe4 12. Nxe4 Qxd2+ 13. Kxd2 Bxb2 14. Rc2 Bg7 15. Ng3 Bg4 16. a3 Bxf3 17. Bxf3 Nd4 18. Rc3 Nxf3+ 19. Rxf3 b5 20. Rb1 Rfc8 21. Kd3 Rc7 22. Rf4 Be5 23. Re4 f5 24. Ree1 Rac8 25. cxb5 Rc3+ 26. Kd2 Rc2+ 27. Kd1 axb5 28. Re2 Rxe2 29. Nxe2 Kf7 30. Kd2 d5 31. Kd3 Ke6 32. Nd4+ Bxd4 33. Kxd4 Rc2 34. Ra1 Kd6 35. Ke3 Rc3+ 36. Kd2 Rxb3 37. Kc2 Rxa3 38. Rxa3 e5 39. f3 e4 40. Ra8 Ke5 41. Rb8 exf3 42. gxf3 Kf4 43. Rxb5 Kxf3 44. Rxd5 f4 45. Kd3 h6 46. Rd6 g5 47. Rxh6 g4 48. h4 g3 49. Rg6 g2 50. h5 Kf2 51. Ke4 f3 52. h6 Ke2 53. h7 g1Q 54. Rxg1 f2 55. Rg2 Ke1 56. Rxf2 1-0

[Event "Trapani Province-ch"]
[Site "Erice"]
[Date "2011.02.12"]
[Round "5"]
[White "Mancuso, Fabrizio"]
[Black "Pandolfo, Sergio"]
[Result "0-1"]
[WhiteElo "1527"]
[BlackElo "1664"]
[PlyCount "84"]
[EventDate "2011.02.12"]
[EventType "swiss"]
[EventRounds "6"]
[EventCountry "ITA"]
[SourceTitle "EXT 2024"]
[Source "ChessBase"]
[SourceDate "2023.10.10"]
[SourceVersion "1"]
[SourceVersionDate "2023.10.10"]
[SourceQuality "1"]

1. e4 c5 2. Nf3 d6 3. Nc3 Nf6 4. d4 cxd4 5. Nxd4 a6 6. Be3 e6 7. Bd3 b5 8. a3 Bb7 9. 0-0 Nbd7 10. Nf3 Nc5 11. Nd2 Rc8 12. Rc1 Be7 13. Re1 0-0 14. Bxc5 Rxc5 15. Nf3 Qc7 16. h3 Rc8 17. Qd2 h6 18. Nd4 Qb6 19. Nde2 Nd7 20. Rb1 Ne5 21. Rec1 Bg5 22. f4 Bxf4 23. Nxf4 Rxc3+ 24. Kh1 Nxd3 25. cxd3 Rxc1+ 26. Rxc1 Rxc1+ 27. Qxc1 Qc6 28. Qxc6 Bxc6 29. Kg1 e5 30. Nd5 Bxd5 31. exd5 f5 32. Kf2 Kf7 33. g3 Kf6 34. Ke3 g5 35. b3 a5 36. a4 bxa4 37. bxa4 h5 38. Kf3 g4+ 39. hxg4 hxg4+ 40. Ke3 Kg5 41. d4 exd4+ 42. Kxd4 f4 0-1

[Event "Nicolo La Rosa op 18th"]
[Site "Mazara del Vallo"]
[Date "2010.08.22"]
[Round "9"]
[White "Cassia, Giuseppe"]
[Black "Pandolfo, Sergio"]
[Result "1-0"]
[WhiteElo "1586"]
[BlackElo "1649"]
[PlyCount "93"]
[EventDate "2010.08.18"]
[EventType "swiss"]
[EventRounds "9"]
[EventCountry "ITA"]
[SourceTitle "EXT 2024"]
[Source "ChessBase"]
[SourceDate "2023.10.10"]
[SourceVersion "1"]
[SourceVersionDate "2023.10.10"]
[SourceQuality "1"]

1. c4 c6 2. Nc3 d5 3. cxd5 cxd5 4. d4 Nf6 5. Nf3 Nc6 6. Bf4 Ne4 7. e3 Qa5 8. Nd2 Nxc3 9. bxc3 Qxc3 10. Bb5 Bd7 11. Rc1 Qa3 12. Rc2 e6 13. 0-0 a6 14. Bxc6 Bxc6 15. Qg4 Qd3 16. Rfc1 Qg6 17. Qd1 Ba3 18. Rxc6 bxc6 19. Qa4 0-0 20. Qxa3 Rfc8 21. Bd6 Qf6 22. Nf3 Qd8 23. Rb1 Ra7 24. h3 h6 25. Bc5 Raa8 26. Rb7 Rc7 27. Bb6 Rxb7 28. Bxd8 Rb1+ 29. Kh2 Rxd8 30. Qxa6 Rb2 31. Kg3 Rc2 32. Ne5 Rb8 33. Qa7 Rbb2 34. Qxf7+ Kh7 35. h4 Rb8 36. Qg6+ Kg8 37. Qxc2 Rf8 38. Nxc6 Rf6 39. Ne7+ Kf8 40. Qc5 Kf7 41. h5 Ke8 42. Ng6 Kd8 43. Qd6+ Kc8 44. Ne7+ Kb7 45. Qc6+ Kb8 46. Qb6+ Ka8 47. Nc6 1-0

[Event "Nicolo La Rosa op 18th"]
[Site "Mazara del Vallo"]
[Date "2010.08.20"]
[Round "5"]
[White "Piazza, Dario"]
[Black "Pandolfo, Sergio"]
[Result "1/2-1/2"]
[WhiteElo "1662"]
[BlackElo "1649"]
[PlyCount "52"]
[EventDate "2010.08.18"]
[EventType "swiss"]
[EventRounds "9"]
[EventCountry "ITA"]
[SourceTitle "EXT 2024"]
[Source "ChessBase"]
[SourceDate "2023.10.10"]
[SourceVersion "1"]
[SourceVersionDate "2023.10.10"]
[SourceQuality "1"]

1. e4 c5 2. Nc3 d6 3. f4 Nc6 4. Nf3 g6 5. Bc4 Bg7 6. 0-0 e6 7. Ne2 Nge7 8. c3 a6 9. d4 cxd4 10. cxd4 d5 11. exd5 Nxd5 12. Bxd5 exd5 13. Ne5 Qd6 14. Ng3 f6 15. Nxc6 Qxc6 16. Re1+ Kf7 17. Qf3 f5 18. Be3 Be6 19. Rac1 Qd7 20. Re2 Rac8 21. Rce1 Rhe8 22. Bf2 Qd6 23. Nf1 Bd7 24. Qb3 Bb5 25. Rxe8 Rxe8 26. Rxe8 Kxe8 1/2-1/2

[Event "Nicolo La Rosa op 18th"]
[Site "Mazara del Vallo"]
[Date "2010.08.19"]
[Round "4"]
[White "Pandolfo, Sergio"]
[Black "D'Amico, Filippo"]
[Result "1/2-1/2"]
[WhiteElo "1649"]
[BlackElo "1482"]
[PlyCount "118"]
[EventDate "2010.08.18"]
[EventType "swiss"]
[EventRounds "9"]
[EventCountry "ITA"]
[SourceTitle "EXT 2024"]
[Source "ChessBase"]
[SourceDate "2023.10.10"]
[SourceVersion "1"]
[SourceVersionDate "2023.10.10"]
[SourceQuality "1"]

1. d4 Nf6 2. Nf3 e6 3. e3 b6 4. Bd3 Be7 5. Nbd2 Bb7 6. 0-0 d5 7. Ne5 0-0 8. f4 Nbd7 9. Rf3 c5 10. c3 g6 11. Rh3 Kg7 12. Qf3 Rh8 13. g4 h5 14. gxh5 Rxh5 15. Rxh5 Nxh5 16. Nf1 Nxe5 17. fxe5 cxd4 18. exd4 Bg5 19. Ng3 Nxg3 20. hxg3 Bxc1 21. Rxc1 Qg5 22. Rf1 Rf8 23. Qf6+ Qxf6 24. Rxf6 a6 25. a4 Rc8 26. Kg2 Rh8 27. Be2 Kf8 28. Bg4 Bc8 29. Be2 Bb7 30. Rf1 Ke7 31. g4 Rh7 32. Kg3 Rh8 33. g5 Rh7 34. Rc1 Rh8 35. Rf1 Rh7 36. Rf2 Rh1 37. Rf1 Rxf1 38. Bxf1 Kd7 39. Kf3 a5 40. Ke3 Kc7 41. Kd2 Bc6 42. b3 Kb7 43. Kc2 Kc7 44. Be2 Bb7 45. Kb2 Bc6 46. Ka3 Bb7 47. b4 Bc6 48. bxa5 bxa5 49. c4 Kd7 50. cxd5 Bxd5 51. Bb5+ Ke7 52. Kb2 Kd8 53. Kc3 Ke7 54. Bc4 Kd8 55. Bxd5 exd5 56. Kd3 Ke7 57. Ke3 Kd7 58. Kf4 Ke6 59. Kg4 Kd7 1/2-1/2

[Event "Nicolo La Rosa op 18th"]
[Site "Mazara del Vallo"]
[Date "2010.08.18"]
[Round "1"]
[White "Mancuso, Fabrizio"]
[Black "Pandolfo, Sergio"]
[Result "1/2-1/2"]
[WhiteElo "1335"]
[BlackElo "1649"]
[PlyCount "94"]
[EventDate "2010.08.18"]
[EventType "swiss"]
[EventRounds "9"]
[EventCountry "ITA"]
[SourceTitle "EXT 2024"]
[Source "ChessBase"]
[SourceDate "2023.10.10"]
[SourceVersion "1"]
[SourceVersionDate "2023.10.10"]
[SourceQuality "1"]

1. e4 c5 2. Nf3 d6 3. Nc3 Nf6 4. d4 cxd4 5. Nxd4 a6 6. Bg5 e6 7. Be2 Be7 8. 0-0 h6 9. Bh4 Nc6 10. Bf3 Qb6 11. Nb3 Ne5 12. Bh5 Bd7 13. Be2 Rc8 14. Qd4 Qxd4 15. Nxd4 b5 16. a3 Nc4 17. Bxc4 Rxc4 18. Bxf6 Bxf6 19. Nde2 Ke7 20. Rad1 a5 21. Rd2 Bxc3 22. Nxc3 Bc6 23. f3 Rd8 24. Rfd1 f6 25. Rd4 Rc5 26. R4d2 b4 27. axb4 axb4 28. Na2 Rb5 29. c3 bxc3 30. Nxc3 Rb3 31. h3 g5 32. g4 Rb7 33. Kf2 Rbd7 34. Ke3 Rh8 35. Kf2 h5 36. Kg3 hxg4 37. hxg4 Rdd8 38. Rh2 Rxh2 39. Kxh2 Rb8 40. Rd2 Rh8+ 41. Kg2 Rb8 42. Kg3 Rf8 43. Kg2 Rd8 44. Kg3 d5 45. exd5 exd5 46. Rd4 Rd6 47. b4 Bb7 1/2-1/2

[Event "Trapani Province-ch"]
[Site "Erice"]
[Date "2010.01.24"]
[Round "5"]
[White "Krumbiegel, Michael"]
[Black "Pandolfo, Sergio"]
[Result "0-1"]
[WhiteElo "1422"]
[BlackElo "1640"]
[PlyCount "114"]
[EventDate "2010.01.10"]
[EventType "swiss"]
[EventRounds "6"]
[EventCountry "ITA"]
[SourceTitle "EXT 2024"]
[Source "ChessBase"]
[SourceDate "2023.10.10"]
[SourceVersion "1"]
[SourceVersionDate "2023.10.10"]
[SourceQuality "1"]

1. e4 c5 2. Bc4 e6 3. Nc3 d6 4. d3 Nf6 5. Nge2 Be7 6. Ng3 Nc6 7. Bb3 b6 8. 0-0 Bb7 9. Bd2 a6 10. Re1 Qc7 11. Bf4 0-0-0 12. Na4 Nd7 13. a3 g5 14. Be3 Rdf8 15. d4 f5 16. dxc5 bxc5 17. exf5 exf5 18. Nh5 f4 19. Bd2 Nde5 20. Ng7 Nd4 21. Ne6 Nxe6 22. Bxe6+ Kb8 23. Bc3 Qc6 24. f3 Qxa4 25. Bxe5 dxe5 26. Rxe5 Qd4+ 27. Qxd4 cxd4 28. Bc4 Rc8 29. b3 Bf6 30. Re6 Rhf8 31. Bd3 h6 32. h3 Rce8 33. Rae1 Rxe6 34. Rxe6 Kc7 35. Kf2 Kd7 36. Bf5 Kc7 37. Ke2 a5 38. Kd3 Bc8 39. Rxf6 Rxf6 40. Be4 Bf5 41. Kxd4 Bxe4 42. fxe4 f3 43. gxf3 Rxf3 44. e5 Kc6 45. b4 axb4 46. axb4 Rf4+ 47. Ke3 Rxb4 48. c3 Rh4 49. Kf3 Kd5 50. c4+ Rxc4 51. e6 Kxe6 52. Kg3 Kf5 53. Kg2 Kf4 54. h4 g4 55. h5 Rc2+ 56. Kf1 Kg3 57. Kg1 Rc1# 0-1

[Event "Trapani Province-ch"]
[Site "Erice"]
[Date "2010.01.24"]
[Round "3"]
[White "Piazza, Dario"]
[Black "Pandolfo, Sergio"]
[Result "1-0"]
[WhiteElo "1569"]
[BlackElo "1640"]
[PlyCount "113"]
[EventDate "2010.01.10"]
[EventType "swiss"]
[EventRounds "6"]
[EventCountry "ITA"]
[SourceTitle "EXT 2024"]
[Source "ChessBase"]
[SourceDate "2023.10.10"]
[SourceVersion "1"]
[SourceVersionDate "2023.10.10"]
[SourceQuality "1"]

1. e4 c5 2. Nc3 d6 3. f4 g6 4. Nf3 Bg7 5. Bc4 e6 6. 0-0 Nc6 7. Ne2 Nge7 8. c3 d5 9. exd5 exd5 10. Bb5 a6 11. Bxc6+ Nxc6 12. d4 c4 13. Ne5 Qc7 14. Ng3 0-0 15. Qf3 Nxe5 16. fxe5 Be6 17. Bg5 h6 18. Bf6 Rae8 19. Bxg7 Kxg7 20. Qf6+ Kh7 21. Rf4 Qe7 22. Raf1 Qxf6 23. Rxf6 Kg7 24. Ne2 b5 25. Nf4 a5 26. Rf3 g5 27. Nh5+ Kh7 28. Ng3 Kg7 29. Nf5+ Bxf5 30. R3xf5 Re6 31. Kf2 b4 32. Ke3 bxc3 33. bxc3 Rxf6 34. exf6+ Kg6 35. Rxd5 Kxf6 36. Rxa5 Re8+ 37. Kf2 Rb8 38. Re5 Rb2+ 39. Re2 Rb5 40. g4 Kg6 41. Ke3 f5 42. gxf5+ Kxf5 43. Rf2+ Kg4 44. Ke4 h5 45. d5 Rb1 46. Rd2 Rf1 47. d6 Rf4+ 48. Kd5 h4 49. d7 Rf8 50. Kxc4 Rd8 51. Rd3 h3 52. Kc5 Kf4 53. Kc6 g4 54. Kc7 Rxd7+ 55. Kxd7 Ke4 56. Rg3 Kf4 57. c4 1-0